000 00815cam a2200205 i 4500
999 _c57388
_d57388
001 19912923
005 20221107171258.0
008 170815s2018 paua b 001 0 eng
020 _a9781496370921 X
080 _a616-092(084.4) A-53
245 1 0 _aAnatomical chart company atlas of pathophysiology /
_cJulie Stewart, DNP, MPH,MSN, FNP-BC, FAANP, Associate Professor, Sacred Heart University, Fairfield, Connecticut.
250 _aFourth edition.
264 1 _aPhiladelphia :
_bWolters Kluwer,
_c[2018].
300 _a479 pages :
_bcolor illustrations ;
_c29 cm.
653 _aადამიანის ანატომია
653 _aპათოფიზიოლოგია
653 _aატლასი
700 1 _aStewart, Julie G.,
_eრედაქტორი
_98404
942 _2udc
_cMX